[Event "Portoroz op 12th"]
[Site "Portoroz"]
[Date "2018.07.14"]
[Round "1"]
[White "Zamar Kodelja, Jurij"]
[Black "Medina, Miguel"]
[Result "1-0"]
[WhiteElo "2199"]
[BlackElo "1723"]
[PlyCount "23"]
[EventDate "2018.07.14"]
[EventType "swiss"]
[EventRounds "9"]
[EventCountry "SVK"]
[SourceTitle "EXT 2019"]
[Source "ChessBase"]
[SourceDate "2018.10.10"]
[SourceVersion "1"]
[SourceVersionDate "2018.10.10"]
[SourceQuality "1"]

1. d4 Nf6 2. c4 e6 3. Nc3 Bb4 4. f3 d5 5. a3 Bxc3+ 6. bxc3 Nh5 7. Nh3 c5 8. cxd5 exd5 9. Nf2 c4 10. e4 dxe4 11. fxe4 b5 12. Qxh5 1-0

[Event "Prague Summer op-B 2nd"]
[Site "Prague"]
[Date "2015.08.13"]
[Round "8"]
[White "Medina, Miguel"]
[Black "Veselsky, Jan"]
[Result "0-1"]
[WhiteElo "1732"]
[BlackElo "1688"]
[PlyCount "30"]
[EventDate "2015.08.07"]
[EventType "swiss"]
[EventRounds "9"]
[EventCountry "CZE"]
[SourceTitle "EXT 2017"]
[Source "ChessBase"]
[SourceDate "2016.10.25"]
[SourceVersion "1"]
[SourceVersionDate "2016.10.25"]
[SourceQuality "1"]

1. e4 c6 2. d4 d5 3. Nc3 dxe4 4. f3 e5 5. Bc4 Qxd4 6. Qe2 Bb4 7. Bg5 Bxc3+ 8. Kf1 Ba5 9. Rd1 Qc5 10. Be3 Qe7 11. c3 Be6 12. fxe4 Nf6 13. Bxe6 Qxe6 14. Bc5 Bc7 15. Nf3 Nbd7 0-1

[Event "Prague Summer op-B 2nd"]
[Site "Prague"]
[Date "2015.08.08"]
[Round "2"]
[White "Dzikowski, Michal"]
[Black "Medina, Miguel"]
[Result "1-0"]
[WhiteElo "1975"]
[BlackElo "1732"]
[PlyCount "59"]
[EventDate "2015.08.07"]
[EventType "swiss"]
[EventRounds "9"]
[EventCountry "CZE"]
[SourceTitle "EXT 2017"]
[Source "ChessBase"]
[SourceDate "2016.10.25"]
[SourceVersion "1"]
[SourceVersionDate "2016.10.25"]
[SourceQuality "1"]

1. d4 Nf6 2. Bg5 Ne4 3. Bf4 e6 4. Nf3 Bb4+ 5. c3 Bd6 6. Bxd6 Nxd6 7. Nbd2 Nc6 8. e4 0-0 9. Bd3 f5 10. Qc2 fxe4 11. Nxe4 Nxe4 12. Bxe4 h6 13. 0-0-0 a5 14. h4 Qf6 15. Kb1 a4 16. Qe2 d5 17. Bc2 a3 18. b3 Bd7 19. Rdf1 e5 20. dxe5 Qf4 21. Qd3 Bf5 22. Qxd5+ Kh8 23. Re1 Bxc2+ 24. Kxc2 Rad8 25. Qe4 Ne7 26. Qxf4 Rxf4 27. Rd1 Rxd1 28. Rxd1 Ng6 29. Rd4 Rf5 30. e6 1-0

[Event "Prague Summer op-B 2nd"]
[Site "Prague"]
[Date "2015.08.07"]
[Round "1"]
[White "Urbanec, Richard"]
[Black "Medina, Miguel"]
[Result "0-1"]
[WhiteElo "1586"]
[BlackElo "1732"]
[PlyCount "46"]
[EventDate "2015.08.07"]
[EventType "swiss"]
[EventRounds "9"]
[EventCountry "CZE"]
[SourceTitle "EXT 2017"]
[Source "ChessBase"]
[SourceDate "2016.10.25"]
[SourceVersion "1"]
[SourceVersionDate "2016.10.25"]
[SourceQuality "1"]

1. d4 Nf6 2. c4 e5 3. dxe5 Ne4 4. Nc3 Bb4 5. Qd4 Nc5 6. Nf3 Nc6 7. Qd5 Ne7 8. Bg5 Nxd5 9. Bxd8 Nxc3 10. Bg5 N3e4+ 11. Bd2 Nxd2 12. Nxd2 Ne4 13. Rd1 Nxd2 14. Rxd2 Bxd2+ 15. Kxd2 b6 16. e4 Bb7 17. Ke3 Ke7 18. f4 Rad8 19. g4 d6 20. exd6+ Rxd6 21. Rg1 Rhd8 22. e5 Rd1 23. f5 Re1+ 0-1